000 01064njm a22003017a 4500
005 20100916145356.0
007 sd ammalaaahaa
008 100913t xxu||||| |||| 00| 0 hin d
028 _a6405 636
_bPHILIPS
035 _aGR-02869
040 _aSED
_cSED
100 _aVani Jairam
_91184
245 _aMeera /
_cby Vani Jairam ; music by Pandit Ravi Shankar '; lyrics by Meerabai
_h[sound recording] :
246 _aमीरा
260 _aDum Dum India
_bPHILIPS
300 _a1 sound disc [Gramophone record] :
_banalog, 33 1/3 rpm
_c12.5 in. (LP)
_fGramophone Record
440 _920306
500 _aBrief Record
500 _aRecord label :PHILIPS, Blue
505 _aSide-1 (Badal dekh dari) (Vani Jairam) Side-२ (Mere to girdhar gopal) (Vani Jairam)
600 _aVani Jairam
_919992
650 _aHindi Film Songs
_xExcerpts
_zIndia
_919603
650 _920294
700 _920353
_aShankar, Ravi
700 _aMeerabai
_920370
942 _2ddc
_cGR
999 _c46248
_d46248